Normal view
MARC view
- Control theory
Entry Topical Term
001 - CONTROL NUMBER
- control field: 88569
003 - CONTROL NUMBER IDENTIFIER
- control field: NUST
005 - DATE AND TIME OF LATEST TRANSACTION
- control field: 20220121115633.0
008 - FIXED-LENGTH DATA ELEMENTS
- fixed length control field: 220121|| aca||aabn | a|a d
040 ## - CATALOGING SOURCE
- Original cataloging agency: NUST
- Transcribing agency: NUST
150 ## - HEADING--TOPICAL TERM
- Topical term or geographic name entry element: Control theory
670 ## - SOURCE DATA FOUND
- Source citation: Work cat.: (NUST)31947: Ogata, Katsuhiko. 88568, Modern Control Engineering /, c2010.
